Entry Nombre personal
001 - NÚMERO DE CONTROL
- campo de control: 242561
003 - IDENTIFICADOR DE NÚMERO DE CONTROL
- campo de control: SpMaBN
005 - FECHA Y HORA DE LA ÚLTIMA TRANSACCIÓN
- campo de control: 20251201163626.0
008 - ELEMENTOS DE DATO DE LONGITUD-FIJA
- campo de control de longitud fija: 901120nn ainnnaabn a aaa
016 ## - NÚMERO DE CONTROL DE UNA AGENCIA BIBLIOGRÁFICA NACIONAL
- Número de control del registro: BNE19900501950
024 7# - IDENTIFICADOR DE OTROS ESTÁNDARES
- Número estándar o código: http://viaf.org/viaf/32040070/
- Fuente: viaf
024 8# - IDENTIFICADOR DE OTROS ESTÁNDARES
- Número estándar o código: http://pares.mcu.es:80/ParesBusquedas20/catalogo/autoridad/505 49
024 7# - IDENTIFICADOR DE OTROS ESTÁNDARES
- Número estándar o código: https://isni.org/isni/0000000077291601
- Fuente: isni
024 7# - IDENTIFICADOR DE OTROS ESTÁNDARES
- Número estándar o código: http://www.wikidata.org/entity/Q379787
- Fuente: wikidata
040 ## - FUENTE DE CATALOGACIÓN
- Centro catalogador/agencia de origen: SpMaBN
- Lengua de catalogación: spa
- Centro/agencia transcriptor: SpMaBN
- Normas de descripción: rdc
- Convención/Normas de encabezamiento de materia/tesauro: embne
046 ## - FECHAS CON CODIFICACIÓN ESPECIAL
- Fecha de nacimiento: 1814
- Fecha de la muerte: 1870
100 1# - ENCABEZAMIENTO-NOMBRE DE PERSONA
- Nombre de persona: Prim, Juan,
- Fechas asociadas al nombre: 1814-1870
370 ## - LUGAR ASOCIADO
- Lugar de nacimiento: Reus
- Número de control del registro de autoridad o número normalizado: XX451264
- Fuente de información: Wikidata
374 ## - OCUPACIÓN
- Ocupación: Militares
- Ocupación: Politicos
- Fuente de información: Wikidata
375 ## - GÉNERO/SEXO
- Género: Masculino
- Fuente de información: Wikidata
377 ## - IDIOMA ASOCIADO
- Término de lengua/lenguaje: Español
- Término de lengua/lenguaje: Catalán
400 1# - TRAZADO DE VÉASE--NOMBRE DE PERSONA
- Nombre de persona: Prim, Juan,
- Títulos y otros términos asociados al nombre: Conde de Reus
- Fechas asociadas al nombre: 1814-1870
400 1# - TRAZADO DE VÉASE--NOMBRE DE PERSONA
- Nombre de persona: Prim, Juan,
- Títulos y otros términos asociados al nombre: Marqués de los Castillejos
- Fechas asociadas al nombre: 1814-1870
400 1# - TRAZADO DE VÉASE--NOMBRE DE PERSONA
- Nombre de persona: Prim y Prats, Juan
- Fechas asociadas al nombre: 1814-1870
670 ## - FUENTE DE DATOS ENCONTRADOS
- Cita de la fuente: Memoria sobre el viaje militar á Oriente, 1855
- Información encontrada: port. (presentada ... por el Excmo General Juan Prim)
670 ## - FUENTE DE DATOS ENCONTRADOS
- Cita de la fuente: El viaje militar a oriente, 1995
- Información encontrada: port. (Juan Prim y Prats)
670 ## - FUENTE DE DATOS ENCONTRADOS
- Cita de la fuente: Espasa
- Información encontrada: (Prim y Prats (Juan); n. 6-12-1814, Reus-m. 30-12-1870, Madrid; militar y político español)
